[Event "Lodi Weekend Wasken Boys 2nd"]
[Site "Lodi"]
[Date "2014.06.08"]
[Round "4"]
[White "Carrai, Giacomo"]
[Black "Papaleo, Davide"]
[Result "1/2-1/2"]
[WhiteElo "1760"]
[BlackElo "1410"]
[PlyCount "75"]
[EventDate "2014.06.06"]
[EventType "swiss"]
[EventRounds "5"]
[EventCountry "ITA"]
[SourceTitle "EXT 2024"]
[Source "ChessBase"]
[SourceDate "2023.10.10"]
[SourceVersion "1"]
[SourceVersionDate "2023.10.10"]
[SourceQuality "1"]

1. d4 Nf6 2. c4 e6 3. Nc3 Bb4 4. Bg5 h6 5. Bh4 c5 6. d5 Bxc3+ 7. bxc3 d6 8. e3 e5 9. Bd3 g5 10. Bg3 Qa5 11. Ne2 Nbd7 12. f3 g4 13. f4 e4 14. Bc2 Nb6 15. Bb3 Bf5 16. Bh4 Nh5 17. 0-0 f6 18. Ng3 Nxg3 19. hxg3 Rf8 20. Qc2 0-0-0 21. a4 Kb8 22. Rfc1 Rde8 23. Qa2 Nc8 24. Rab1 Ne7 25. Bd1 Ng6 26. Rb5 Qc7 27. Rcb1 Bd7 28. Rxb7+ Qxb7 29. Rxb7+ Kxb7 30. a5 Nxh4 31. gxh4 f5 32. g3 Rb8 33. Kf1 Kc7 34. Ke2 a6 35. Kd2 Rb7 36. Bc2 Rfb8 37. Kc1 h5 38. Qa3 1/2-1/2